Wszystkie Sklepy w Polish Car Driving - Statystyki

Ogólne statystyki
  • Ten quiz został rozwiązany 7 razy
  • Średni wynik to 6 z 12
Statystyki odpowiedzi
Sklep Miejscowość % Poprawnych
Biedronka Darłowo
83%
żabka Darłowo
67%
Dino Rusko
67%
Dino Sławno
67%
Intermarche Sławno
67%
abc Bobrowiczki
50%
abc Stary Jarosław
50%
Gama Sęczkowo
33%
Biedronka Sławno Północ
33%
Biedronka Sławno Południe
33%
Gama Sławno Północ
17%
Gama Sławno Południe
17%
Nie znaleziono quizów pasujących do podanych kryteriów
Rozkład punktacji
Procent ludzi z każdym wynikiem
Percentyl według liczby udzielonych odpowiedzi
Twoja historia wyników
Nie rozwiązałeś tego quizu